000 00542nam a2200193Ia 4500
005 20250326140418.0
008 250326s9999 xx 000 0 und d
037 _aTextbook
040 _aFMSL
_beng
_cFMSL
041 _aeng
_2eng
084 _aX:89Q8 P3
_qFMSL
100 _aBesterfield D H
245 0 _aTotal Quality Management
_cBesterfield D H; Michna C B And Other
250 _a3
260 _aNew Jersey
_bNew Jersey, Prentice Hall
_c2003
300 _a640p
942 _cTB
_hX:89Q8 P3
999 _c1285673
_d1285673